Periódico

La diversión /

Na minha lista:
Detalhes bibliográficos
Outros Autores: Cammarota, Aldo (Diretor de publicação)
Formato: Periódico
Idioma:espanhol
Publicado em: Buenos Aires : Telecómicos,
Assuntos:

MARC

LEADER 00000cas#a2200000#a#4500
001 023370
005 20250217100348.0
008 111022c19729999ag mu|p##|| #0||||0spa#d
999 |c 27705  |d 110511 
040 |a AR-BeUNQ  |e aacr 
245 0 3 |a La diversión /   |c [director responsable] Aldo Cammarota. 
260 |a Buenos Aires :   |b Telecómicos,  
300 |a v. ;  
310 |a mensual 
362 0 |a No. 1 (Mar. 1972) - 
500 |a Descripción basada en: no. 5 (Jul. 1972). 
592 |a Fondo Reservado 
650 7 |a Textos expresivos  |2 ttll 
650 7 |a Chistes  |2 ttll 
651 7 |a Argentina  |2 spines 
653 |a Humor 
700 1 |a Cammarota, Aldo,   |e dir.  |4 pbd 
929 |d 0  |b Gabriela Capel  |a DONACION  |j 47139  |e 20080226  |f PAT0022808 
942 |c REV  |n 0